000 00499nam a2200145 4500
999 _c10371
_d10371
008 180823b ||||| |||| 00| 0 eng d
022 _a16565649
082 _aDPer 303.405 H22 June -Sept 2016 v.12 n. 7-10
100 _930516
_aChong, Seng Ng
245 _aThe state of 4k TVs (and content)/
_cNg Chong Seng.
260 _aQuezon City:
_bHardware Zone Phils. Corp.,
_c©June -Sept 2016.
300 _av12 n7, pages76-83:
_billustrations;
_c28 cm.
650 0 _930517
_aTelevision.
942 _2ddc
_cPER